|
|
|
|
| LEADER |
00000nam0a2200000 4500 |
| 001 |
324064 |
| 005 |
20231102003631.0 |
| 035 |
|
|
|a (RuTPU)RU\TPU\book\349653
|
| 090 |
|
|
|a 324064
|
| 100 |
|
|
|a 20161105d1972 k y0rusy50 ca
|
| 101 |
0 |
|
|a rus
|
| 102 |
|
|
|a RU
|
| 105 |
|
|
|a a z 001zy
|
| 200 |
1 |
|
|a Фациально-формационный анализ магматических комплексов. Петрохимические исследования
|f И. И. Абрамович, В. В. Груза
|g Всесоюзный научно-исследовательский геологический институт (ВСЕГЕИ)
|
| 210 |
|
|
|a Ленинград
|c Недра
|d 1972
|
| 215 |
|
|
|a 238 с.
|c ил.
|
| 316 |
|
|
|5 63413507: КР-7512
|a На форзаце владельческая подпись: «Л. Рихванов г. Томск, 1973 г.»
|
| 317 |
|
|
|5 63413507: КР-7512
|a Поступил в НТБ в 2021 г. в дар от семьи профессора ТПУ Л. П. Рихванова
|
| 320 |
|
|
|a Библиогр.: с. 222-236
|
| 606 |
1 |
|
|a Горные породы, изверженные
|x Химический состав
|2 stltpush
|3 (RuTPU)RU\TPU\subj\8114
|9 35600
|
| 610 |
1 |
|
|a геологические формации
|
| 610 |
1 |
|
|a вулканогенные формации
|
| 610 |
1 |
|
|a химический состав
|
| 610 |
1 |
|
|a магматические комплексы
|
| 610 |
1 |
|
|a формационный анализ
|
| 610 |
1 |
|
|a фациальный анализ
|
| 610 |
1 |
|
|a математическая обработка
|
| 610 |
1 |
|
|a Библиотека Л. П. Рихванова
|
| 610 |
1 |
|
|a дары библиотеке
|
| 610 |
1 |
|
|a владельческие подписи
|
| 675 |
|
|
|a 552.3
|v 4
|
| 700 |
|
1 |
|a Абрамович
|b И. И.
|g Ильтезар Ильич
|
| 701 |
|
1 |
|a Груза
|b В. В.
|g Владимир Владимирович
|
| 712 |
0 |
2 |
|a Всесоюзный научно-исследовательский геологический институт (ВСЕГЕИ)
|c (Ленинград)
|c (1939-1991)
|2 stltpush
|3 (RuTPU)RU\TPU\col\11367
|
| 801 |
|
1 |
|a RU
|b 63413507
|c 20161105
|
| 801 |
|
2 |
|a RU
|b 63413507
|c 20220830
|g RCR
|
| 942 |
|
|
|c BK
|